000 00279nam a22001217a 4500
082 _a230 EIC
100 _aEichrodt, Walther
245 _aTheology of the Old Testment
260 _aPhiladephia
_bThe Westminster Press
_c1967
300 _a573
650 _aTheology
942 _cBK
999 _c20241
_d20241